Tamil Nadu in Focus (Record no. 47303)

MARC details
000 -LEADER
fixed length control field 00686nam a22001697a 4500
005 - DATE AND TIME OF LATEST TRANSACTION
control field 20260219115128.0
008 - FIXED-LENGTH DATA ELEMENTS--GENERAL INFORMATION
fixed length control field 260219b |||||||| |||| 00| 0 eng d
020 ## - INTERNATIONAL STANDARD BOOK NUMBER
International Standard Book Number 9789393875129
040 ## - CATALOGING SOURCE
Transcribing agency VITAP
082 ## - DEWEY DECIMAL CLASSIFICATION NUMBER
Edition number 23
Classification number 954.82 NAM
100 ## - MAIN ENTRY--PERSONAL NAME
Personal name Nambath, Suresh Ed.
9 (RLIN) 17148
245 ## - TITLE STATEMENT
Title Tamil Nadu in Focus
Remainder of title : Culture And Society; Politics and Governance
Statement of responsibility, etc. / Suresh Nambath Ed.
260 ## - PUBLICATION, DISTRIBUTION, ETC.
Place of publication, distribution, etc. Chennai
Name of publisher, distributor, etc. THG Publishing Pvt Ltd.
Date of publication, distribution, etc. 2023
300 ## - PHYSICAL DESCRIPTION
Extent 240p, ill.: 26cm
650 #0 - SUBJECT ADDED ENTRY--TOPICAL TERM
Topical term or geographic name entry element Physical Features, History of Tamil Nadu, Administration & Politics, Economy, Culture & Heritage Tamil language and litera, Education & Social Development, Art & Architecture etc.
9 (RLIN) 17149
942 ## - ADDED ENTRY ELEMENTS (KOHA)
Source of classification or shelving scheme Dewey Decimal Classification
Koha item type Reference Book
Holdings
Withdrawn status Lost status Source of classification or shelving scheme Materials specified (bound volume or other part) Damaged status Not for loan Collection code Home library Current library Shelving location Date acquired Source of acquisition Cost, normal purchase price Inventory number Total Checkouts Full call number Barcode Date last seen Cost, replacement price Price effective from Koha item type Public note
    Dewey Decimal Classification Paper Back   Not For Loan Reference School of Business & General Section VIT-AP Reference 2026-01-12 The Hindu Group of Publications 599.00 9001173329   954.82 NAM 025512 2026-02-19 599.00 2026-01-12 Reference Book GEN

Visitor Number: